Principy a zásady urbanistické kompozice v příkladech /

Guardado en:
Detalles Bibliográficos
Autores principales: Rozmanová, Naděžda (Autor), Gajdíková, Zuzana (Autor)
Formato: Libro
Lenguaje:checo
Publicado: Praha : Ministerstvo pro místní rozvoj ČR, 2016
Edición:1. vydanie
Materias:
Etiquetas: Agregar Etiqueta
Sin Etiquetas, Sea el primero en etiquetar este registro!

MARC

LEADER 00000nam a22000003a 4500
001 0065061
003 SK-STU
005 20190328155137.8
007 ta
008 180516s ----xo-----e------000-0-----d
020 |a 978-80-7538-073-9 
020 |a 978-80-87318-49-2 
040 |a STU  |b slo 
041 0 |a cze 
044 |a xr 
100 1 |a Rozmanová, Naděžda  |4 aut 
245 1 0 |a Principy a zásady urbanistické kompozice v příkladech /  |c aut. Naděžda Rozmanová, Zuzana Gajdíková 
250 |a 1. vydanie 
260 |a Praha :  |b Ministerstvo pro místní rozvoj ČR,  |c 2016 
300 |a 110 s. 
500 |a Mimořádná příloha časopisu U & ÚR č. 2/2016 
650 0 7 |a kompozícia urbanistická 
650 0 7 |a príklady 
650 0 7 |a urbanizmus - teória 
650 0 7 |a príručka 
700 1 |a Gajdíková, Zuzana  |4 aut 
996 |b 284AU07500  |c A* 10749/U  |l AAKNST  |s P  |a 0  |w 0065061_0001